MCQs and short answer questions for MRCOG: (Record no. 4178)

MARC details
000 -LEADER
fixed length control field 01185pam a22003377a 4500
001 - CONTROL NUMBER
control field 13830320
003 - CONTROL NUMBER IDENTIFIER
control field OSt
005 - DATE AND TIME OF LATEST TRANSACTION
control field 20231026124435.0
008 - FIXED-LENGTH DATA ELEMENTS--GENERAL INFORMATION
fixed length control field 050104s2004 enk 001 0 eng
010 ## - LIBRARY OF CONGRESS CONTROL NUMBER
LC control number 2005295190
015 ## - NATIONAL BIBLIOGRAPHY NUMBER
National bibliography number GBA3X5898
Source bnb
016 7# - NATIONAL BIBLIOGRAPHIC AGENCY CONTROL NUMBER
Record control number 010973657
Source Uk
020 ## - INTERNATIONAL STANDARD BOOK NUMBER
International Standard Book Number 0340808748 (pbk.)
035 ## - SYSTEM CONTROL NUMBER
System control number (OCoLC)ocm56654070
040 ## - CATALOGING SOURCE
Original cataloging agency UKM
Language of cataloging eng
Transcribing agency UKM
Modifying agency DLC
042 ## - AUTHENTICATION CODE
Authentication code lccopycat
050 00 - LIBRARY OF CONGRESS CALL NUMBER
Classification number RG106
Item number .M357 2004
082 04 - DEWEY DECIMAL CLASSIFICATION NUMBER
Classification number WQ 18 M51d 2004
100 ## - MAIN ENTRY--PERSONAL NAME
Relator code Luesley, David; Baker, Philip; Brockelsby, Jeremy C.
245 00 - TITLE STATEMENT
Title MCQs and short answer questions for MRCOG:
Remainder of title an aid to revision and self-assessment
260 ## - PUBLICATION, DISTRIBUTION, ETC. (IMPRINT)
Place of publication, distribution, etc. London :
Name of publisher, distributor, etc. Arnold,
Date of publication, distribution, etc. 2004.
300 ## - PHYSICAL DESCRIPTION
Extent x, 254 p. ;
Dimensions 24 cm.
500 ## - GENERAL NOTE
General note Includes index.
650 #0 - SUBJECT ADDED ENTRY--TOPICAL TERM
Topical term or geographic name as entry element MCQs Obstetrics
9 (RLIN) 3529
650 #0 - SUBJECT ADDED ENTRY--TOPICAL TERM
Topical term or geographic name as entry element Gynecology
9 (RLIN) 3530
856 42 - ELECTRONIC LOCATION AND ACCESS
Materials specified Publisher description
Uniform Resource Identifier http://www.loc.gov/catdir/enhancements/fy0627/2005295190-d.html
856 41 - ELECTRONIC LOCATION AND ACCESS
Materials specified Table of contents only
Uniform Resource Identifier http://www.loc.gov/catdir/enhancements/fy0627/2005295190-t.html
906 ## - LOCAL DATA ELEMENT F, LDF (RLIN)
a 7
b cbc
c copycat
d 2
e ncip
f 20
g y-gencatlg
942 ## - ADDED ENTRY ELEMENTS (KOHA)
Source of classification or shelving scheme Dewey Decimal Classification
Koha item type Short Loan
Holdings
Withdrawn status Lost status Source of classification or shelving scheme Damaged status Not for loan Home library Current library Date acquired Source of acquisition Inventory number Total Checkouts Full call number Barcode Date last seen Koha item type
    Other/Generic Classification Scheme     MUST Main Library MUST Main Library 26/05/2016 Donation 06/26417   WQ18 M51d 2004 2016-2165 26/05/2016 Open Shelf